|
|
|
|
| LEADER |
00000nam0a2200000 4500 |
| 001 |
377033 |
| 005 |
20231102012855.0 |
| 035 |
|
|
|a (RuTPU)RU\TPU\retro\34479
|
| 090 |
|
|
|a 377033
|
| 100 |
|
|
|a 20230206d1978 m y0rusy50 ca
|
| 101 |
0 |
|
|a rus
|
| 102 |
|
|
|a RU
|
| 105 |
|
|
|a a j 000zy
|
| 200 |
1 |
|
|a Стационарные и переходные процессы в линейных электрических цепях
|e пособие к решению задач
|f М. Е. Евсеев, В. Д. Молчанов
|g Северо-Западный заочный политехнический институт
|
| 210 |
|
|
|a Ленинград
|c СЗПИ
|d 1978
|
| 215 |
|
|
|a 80 с.
|c ил.
|
| 606 |
1 |
|
|a Электрические цепи, линейные
|x Переходные процессы
|2 stltpush
|3 (RuTPU)RU\TPU\subj\27766
|9 51465
|
| 610 |
1 |
|
|a четырехполюсники
|
| 610 |
1 |
|
|a операторные методы
|
| 610 |
1 |
|
|a линейные цепи
|
| 610 |
1 |
|
|a распределенные процессы
|
| 610 |
1 |
|
|a учебные пособия
|
| 675 |
|
|
|a 621.3.018.782.3
|v 4
|
| 700 |
|
1 |
|a Евсеев
|b М. Е.
|
| 701 |
|
1 |
|a Молчанов
|b В. Д.
|
| 712 |
0 |
2 |
|a Северо-Западный заочный политехнический институт
|c (Ленинград)
|2 stltpush
|3 (RuTPU)RU\TPU\col\2602
|9 23712
|
| 801 |
|
1 |
|a RU
|b 63413507
|c 20230206
|
| 801 |
|
2 |
|a RU
|b 63413507
|c 20230206
|g RCR
|
| 942 |
|
|
|c BK
|